000 00779nam a2200265 i 4500
001 C2-0145316
003 PPAK
005 20210614155253.0
008 980304s1997 my j | 0 1 may d
020 _a9830600327
_qpaperback
040 _aPPAK
_beng
_cPPAK
_erda
082 0 4 _a899.233
_223
090 0 0 _a899.233
_bAMY
_dK
100 0 _aAmy Suzani Ainuddin,
_eauthor.
245 1 0 _aPeristiwa aneh di Dusun Permai /
_cAmy Suzani Ainuddin
264 1 _aPetaling Jaya, Selangor :
_bHasrat Murni,
_c1997
300 _a68 pages :
_c19 cm
336 _2rdacontent
_atext
337 _2rdamedia
_aunmediated
338 _2rdacarrier
_avolume
490 1 _aSiri Lima Penyiasat Muda
650 1 0 _aChildren's stories, Malay
830 0 _aSiri Lima Penyiasat Muda
942 _cB
_2ddc
999 _c45925
_d45925